| 000 | 01021cam a2200265 i 4500 | ||
|---|---|---|---|
| 999 |
_c45115 _d45115 |
||
| 001 | 18985678 | ||
| 005 | 20181219132058.0 | ||
| 008 | 160222s2016 ilu 000 0 eng | ||
| 010 | _a 2016007931 | ||
| 020 | _a9780830852901 | ||
| 040 |
_aDLC _beng _cDLC _erda _dDLC |
||
| 042 | _apcc | ||
| 245 | 0 | 0 |
_aHow I changed my mind about evolution : _bevangelicals reflect on faith and science / _cedited by Kathryn Applegate & J.B. Stump. |
| 260 |
_aDowners Grove, Illinois : _bIVP Academic, an imprint of InterVarsity Press, _c2016. |
||
| 300 |
_a196 pages ; _c21 cm |
||
| 336 |
_atext _2rdacontent |
||
| 337 |
_aunmediated _2rdamedia |
||
| 338 |
_avolume _2rdacarrier |
||
| 650 | 0 |
_aEvolution (Biology) _xReligious aspects _xChristianity. |
|
| 650 | 0 | _aReligion and science. | |
| 650 | 0 | _aEvangelicalism. | |
| 700 | 1 |
_aApplegate, Kathryn, _d1982- _eeditor. |
|
| 776 | 0 | 8 |
_iOnline version: _tHow I changed my mind about evolution _dDowners Grove : InterVarsity Press, 2016 _z9780830899630 _w(DLC) 2016009334 |
| 942 |
_2lcc _cBK |
||